| 000 | 00550nam a22001097a 4500 | ||
|---|---|---|---|
| 008 | 150608b xxu||||| |||| 00| 0 eng d | ||
| 010 | _8SCCRAF:20b | ||
| 245 | _aSUPREME COURT CRIMINAL APPEAL No. 26 of 2009 Beingana Kanoni Willy Vs Uganda. | ||
| 260 | _aSupreme Court Kampala | ||
| 500 | _3[An Appeal from the judgement of the Court of Appeal at kampala ( Mukasa-Kikonyogo DCJ, Mpagi Bahigeine and Byamugisha, JJ.A), dared 19th may 2009 in Criminal Appeal No. 204 of 2003.] | ||
| 500 | _3[CORAM: TSEKOOKO, KATUREEBE, KITUMBA, TUMWESIGYE, KISAAKYE, JJ.S.C.] | ||
| 999 |
_c6039 _d6039 |
||